Header

Tierra de Urquiza : (Registro nro. 54663)

Detalles MARC
000 -CABECERA
campo de control de longitud fija 00711nam a2200229 a 4500
001 - NÚMERO DE CONTROL
campo de control 54663
003 - IDENTIFICADOR DE NÚMERO DE CONTROL
campo de control AR-BaAGN
005 - FECHA Y HORA DE LA ÚLTIMA TRANSACCIÓN
campo de control 20250221143015.0
007 - CAMPO FIJO DE DESCRIPCIÓN FÍSICA--INFORMACIÓN GENERAL
campo de control de longitud fija ta
008 - DATOS DE LONGITUD FIJA--INFORMACIÓN GENERAL
campo de control de longitud fija s ag |||||r|||| ||| ||spa d
040 ## - FUENTE DE CATALOGACIÓN
Centro catalogador/agencia de origen AR-BaAGN
Lengua de catalogación español
Normas de descripción aacr
942 ## - ELEMENTOS DE ENTRADA SECUNDARIOS (KOHA)
Tipo de ítem Koha Libro
Suprimir en OPAC No
100 1# - ENTRADA PRINCIPAL--NOMBRE DE PERSONA
Nombre de persona Ruiz Moreno, Leandro
ID autoridades 9071
245 10 - MENCIÓN DEL TÍTULO
Título Tierra de Urquiza :
Resto del título revista ilustrada.
Mención de responsabilidad, etc. Ruiz Moreno, Leandro.
260 ## - PUBLICACIÓN, DISTRIBUCIÓN, ETC.
Lugar de publicación, distribución, etc. Paraná :
Nombre del editor, distribuidor, etc. "Asociación de Homenaje al Cap. Gral.Dn. Justo J. de Urquiza".
Fecha de publicación, distribución, etc. 1951,
300 ## - DESCRIPCIÓN FÍSICA
Extensión 160 p. ;
Dimensiones 33 cm.
336 ## - TIPO DE CONTENIDO
Código de tipo de contenido texto
Fuente rdacontent
337 ## - TIPO DE MEDIO
Código del tipo de medio no mediado
Fuente rdamedia
338 ## - TIPO DE SOPORTE
Código del tipo de soporte volumen
Fuente rdacarrier
500 ## - NOTA GENERAL
Nota general Año II, nº 4 (mayo de 1951).
500 ## - NOTA GENERAL
Nota general Número dedicado al centenario del pronunciamiento.
Existencias
Estado de retiro Estado de pérdida Estado de daño Biblioteca actual Ubicación en estantería Signatura topográfica completa Código de barras Tipo de ítem Koha
      Biblioteca del Archivo General de la Nación AGN - Biblioteca AGN 22580 1277 Libro

Contacto

Dirección: Av. Leandro Alem 246, 3er piso (CABA).
Código postal: C1003AAP
Teléfono: 2206-0013
Correo electrónico: comunicacionagn@mininterior.gob.ar
Sitio Web: www.argentina.gob.ar/interior/archivo-general-de-la-nacion

AGN en las redes sociales

Facebook  /  Twitter  /  Instagram